00441cam a22001931 4500001001300000003000400013005001700017008004100034010001700075035002000092040001800112042001200130050002100142100002100163245001900184260001100203300001800214500001500232sa 66007615 DLC20260227112306.0881028s1966 xx 000 0 beno  asa 66007615  a(OCoLC)23573702 aDLCcMiUdDLC apremarc00aPK1730.12.S5bK31 aAshraf, Shaheed.10aKata byathā. c[1966] a78 p.c19 cm. aRomanized.